[Event "TCh-FRA Top 12 2015"]
[Site "Montpellier FRA"]
[Date "2015.05.30"]
[Round "1.1"]
[Board "4"]
[White "Ipatov, Alexander"]
[Black "Matlakov, Maxim"]
[Result "1/2-1/2"]
[WhiteTitle "GM"]
[BlackTitle "GM"]
[WhiteElo "2612"]
[BlackElo "2694"]
[WhiteTeam "C-E BOIS-COLOMBES"]
[BlackTeam "CLICHY-ECHECS-92"]
[WhiteFideId "14116731"]
[BlackFideId "4168003"]
[EventDate "2015.05.30"]

1. d4 d5 2. c4 c6 3. Nf3 Nf6 4. Nc3 dxc4 5. a4 Bf5 6. e3 e6 7. Bxc4 Nbd7 8. O-O
Bb4 9. Nh4 Bg4 10. f3 Bh5 11. e4 O-O 12. g4 Bg6 13. Nxg6 hxg6 14. g5 Ne8 15. Kg2
Qe7 16. h4 Nd6 17. Be2 Rfd8 18. Qb3 Ba5 19. Rd1 e5 20. d5 Bb6 21. a5 Bd4 22. a6
Nb6 23. axb7 Qxb7 24. Ba6 Qc7 25. dxc6 Qxc6 26. Ne2 Ndc4 27. Nxd4 exd4 28. Bf4
Ne3+ 29. Bxe3 dxe3 30. Qxe3 Nc4 31. Bxc4 Qxc4 32. Kg3 Qc2 33. Qxa7 Kh7 34. Rxd8
Rxd8 35. Rg1 Qb3 36. Qf2 Rd3 37. Re1 Qb8+ 38. e5 Rb3 39. Re2 Rb5 40. Qd4 Rb4 41.
Qd6 Rxb2 42. Qxb8 Rxb8 43. Ra2 Kg8 44. f4 Kf8 45. Kg4 Rb1 46. Rh2 Rg1+ 47. Kf3
Ke7 48. h5 gxh5 49. Rxh5 g6 50. Rh8 Rf1+ 51. Kg3 Rg1+ 52. Kf2 Ra1 53. Rb8 Ra3
54. Rb7+ Kf8 55. Ke2 Rc3 56. Rd7 Ra3 57. Rd3 Ra1 58. Rb3 Rh1 59. Rb8+ Ke7 60.
Rb6 Kf8 61. Rf6 Kg7 62. Kd3 Rf1 63. Kd4 Ra1 64. Rc6 Rf1 65. Ke4 Re1+ 66. Kd5
Rd1+ 67. Kc5 Rf1 68. Rf6 Rf2 69. Kd5 Rf1 70. Kd4 Rd1+ 71. Ke3 Re1+ 72. Kd2 Rf1
73. Ke2 Ra1 74. Rd6 Ra3 75. Rd3 Ra1 76. Ke3 Kf8 77. Rd4 Ke7 78. Ke4 Re1+ 79. Kd5
Ra1 80. Rc4 1/2-1/2

[Event "TCh-FRA Top 12 2015"]
[Site "Montpellier FRA"]
[Date "2015.05.30"]
[Round "1.1"]
[Board "6"]
[White "Maze, Sebastien"]
[Black "Tregubov, Pavel V."]
[Result "0-1"]
[WhiteTitle "GM"]
[BlackTitle "GM"]
[WhiteElo "2572"]
[BlackElo "2571"]
[WhiteTeam "C-E BOIS-COLOMBES"]
[BlackTeam "CLICHY-ECHECS-92"]
[WhiteFideId "613762"]
[BlackFideId "4115341"]
[EventDate "2015.05.30"]

1. Nf3 Nf6 2. g3 d5 3. Bg2 c6 4. O-O Bf5 5. d4 e6 6. Nbd2 Be7 7. Nh4 Bg4 8. h3
Bh5 9. g4 Bg6 10. Nxg6 hxg6 11. c3 Nbd7 12. f4 Qc7 13. e3 O-O 14. Rf2 c5 15. g5
Ne8 16. Nf1 Nd6 17. Ng3 b5 18. h4 Rab8 19. h5 b4 20. hxg6 fxg6 21. Qg4 Nf5 22.
Nxf5 Rxf5 23. e4 dxe4 24. Bxe4 bxc3 25. Bxf5 gxf5 26. Qe2 Nf8 27. bxc3 cxd4 28.
cxd4 Qc3 29. Bb2 Qg3+ 30. Kh1 Kf7 31. d5 Bd6 32. Qh5+ Ng6 33. Rg2 Qxf4 34. dxe6+
Ke7 35. Bxg7 Qe4 36. Bf6+ Kxe6 37. Qe2 Rb7 38. Qxe4+ fxe4 39. Rc2 Rh7+ 40. Kg1
Nh4 41. Rc6 Kd5 42. Rac1 Nf3+ 43. Kf2 Rh2+ 44. Ke3 Bb4 45. R6c2 Bd2+ 46. Rxd2+
Rxd2 47. g6 Rg2 48. g7 Ne5 49. Kf4 Nd3+ 50. Kf5 Rxg7 0-1

[Event "TCh-FRA Top 12 2015"]
[Site "Montpellier FRA"]
[Date "2015.05.30"]
[Round "1.1"]
[Board "7"]
[White "Hamdouchi, Hicham"]
[Black "Koziak, Vitali"]
[Result "1/2-1/2"]
[WhiteTitle "GM"]
[BlackTitle "IM"]
[WhiteElo "2608"]
[BlackElo "2467"]
[WhiteTeam "CLICHY-ECHECS-92"]
[BlackTeam "C-E BOIS-COLOMBES"]
[WhiteFideId "9000011"]
[BlackFideId "14102234"]
[EventDate "2015.05.30"]

1. e4 e5 2. Nf3 Nc6 3. Nc3 Nf6 4. d4 exd4 5. Nxd4 Bb4 6. Nxc6 bxc6 7. Bd3 d5 8.
exd5 O-O 9. O-O cxd5 10. Bg5 c6 11. Re1 h6 12. Bh4 Be6 13. a3 Bd6 14. Na4 c5 15.
c3 a5 16. Bc2 Re8 17. b3 Rc8 18. h3 g5 19. Bg3 Bxg3 20. fxg3 Qd6 1/2-1/2

[Event "TCh-FRA Top 12 2015"]
[Site "Montpellier FRA"]
[Date "2015.05.30"]
[Round "1.1"]
[Board "8"]
[White "Congiu, Mathilde"]
[Black "Skripchenko, Almira"]
[Result "1/2-1/2"]
[WhiteTitle "WIM"]
[BlackTitle "IM"]
[WhiteElo "2259"]
[BlackElo "2421"]
[WhiteTeam "C-E BOIS-COLOMBES"]
[BlackTeam "CLICHY-ECHECS-92"]
[WhiteFideId "634581"]
[BlackFideId "13900145"]
[EventDate "2015.05.30"]

1. e4 c5 2. Nf3 Nc6 3. Bb5 g6 4. O-O Bg7 5. Re1 e5 6. Bxc6 dxc6 7. d3 Qe7 8. a3
Nf6 9. b4 O-O 10. Nbd2 Nd7 11. bxc5 Nxc5 12. a4 Ne6 13. Ba3 c5 14. Nc4 Nf4 15.
a5 Be6 16. Ne3 Qc7 17. Qd2 Rfd8 18. g3 Nh3+ 19. Kg2 Rac8 20. Nd5 Rxd5 21. exd5
Bxd5 22. Qe3 Qc6 23. c4 Bxf3+ 24. Qxf3 Qxf3+ 25. Kxf3 e4+ 26. dxe4 Ng5+ 27. Kg2
Bxa1 28. Rxa1 Nxe4 29. Rd1 Nf6 30. Rd6 Ne8 31. Rd7 b6 32. Rxa7 bxa5 33. Rxa5 Nd6
34. Rxc5 Rxc5 35. Bxc5 Nxc4 1/2-1/2

[Event "TCh-FRA Top 12 2015"]
[Site "Montpellier FRA"]
[Date "2015.05.30"]
[Round "1.2"]
[Board "1"]
[White "Demuth, Adrien"]
[Black "Doettling, Fabian"]
[Result "0-1"]
[WhiteTitle "IM"]
[BlackTitle "GM"]
[WhiteElo "2515"]
[BlackElo "2588"]
[WhiteTeam "POITIERS-MIGNE"]
[BlackTeam "C.E. STRASBOURG"]
[WhiteFideId "642274"]
[BlackFideId "4627253"]
[EventDate "2015.05.30"]

1. d4 d5 2. c4 e6 3. Nc3 Be7 4. Nf3 Nf6 5. Bf4 O-O 6. e3 Nbd7 7. Qc2 c5 8. Rd1
Qa5 9. Nd2 cxd4 10. exd4 dxc4 11. Nxc4 Qd8 12. Bd3 Nb6 13. Nxb6 Qxb6 14. O-O Bd7
15. Rfe1 Rac8 16. Be5 h6 17. Qe2 Bc6 18. Bb1 Rfd8 19. Qc2 Kf8 20. Re3 Ng4 21.
Bxg7+ Kxg7 22. Qh7+ Kf6 23. Rxe6+ Kxe6 24. Qf5+ Kd6 25. Qf4+ Kd7 26. Bf5+ Ke8
27. Qxg4 Rc7 28. d5 Kf8 29. Qh5 Be8 30. Ne4 Qxb2 31. d6 Bxd6 32. Nxd6 Qf6 33.
Nxe8 Rxd1+ 34. Qxd1 Kxe8 35. g4 Kf8 36. Kg2 Kg7 37. f3 Qb2+ 38. Kh3 Rc1 39. Qd6
Rf1 40. Be4 b6 41. a4 Ra1 42. Bc6 Qf6 43. Qd5 Ra3 44. Qe4 Ra2 45. Bd5 Rd2 46.
Bb3 Qd6 0-1

[Event "TCh-FRA Top 12 2015"]
[Site "Montpellier FRA"]
[Date "2015.05.30"]
[Round "1.2"]
[Board "3"]
[White "Saada, Julien"]
[Black "Nataf, Igor-Alexandre"]
[Result "1/2-1/2"]
[WhiteTitle "FM"]
[BlackTitle "GM"]
[WhiteElo "2296"]
[BlackElo "2534"]
[WhiteTeam "POITIERS-MIGNE"]
[BlackTeam "C.E. STRASBOURG"]
[WhiteFideId "625388"]
[BlackFideId "605492"]
[EventDate "2015.05.30"]

1. d4 Nf6 2. Nf3 g6 3. e3 Bg7 4. b4 O-O 5. Bb2 d6 6. Be2 e5 7. dxe5 Nfd7 8. c4
dxe5 9. Qb3 a5 10. a3 Re8 11. Nc3 axb4 12. axb4 Rxa1+ 13. Bxa1 e4 14. Nd2 Qg5
15. O-O Nf6 16. Rc1 c6 17. c5 Bh3 18. Bf1 Nbd7 19. Qc2 Bf5 20. Nc4 Ng4 21. Nd6
Be5 22. h3 Bh2+ 23. Kh1 Bxd6 24. cxd6 Qh4 25. Kg1 Nge5 26. Na4 Bxh3 27. gxh3
Nf3+ 28. Kh1 Ng5 29. Nc5 Nxh3 30. Bxh3 Qxh3+ 31. Kg1 Ne5 32. Bxe5 Rxe5 33. Nxe4
Qg4+ 34. Ng3 Rxe3 35. Kg2 Qf3+ 36. Kg1 Rd3 37. Re1 Rxd6 38. Re8+ Kg7 39. Qb2+
Qf6 40. Qxf6+ Rxf6 41. Re7 b6 42. Rc7 Rf4 43. Rxc6 Rxb4 1/2-1/2

[Event "TCh-FRA Top 12 2015"]
[Site "Montpellier FRA"]
[Date "2015.05.30"]
[Round "1.2"]
[Board "4"]
[White "Sanikidze, Tornike"]
[Black "Picard, Romain"]
[Result "1-0"]
[WhiteTitle "GM"]
[BlackTitle "IM"]
[WhiteElo "2515"]
[BlackElo "2368"]
[WhiteTeam "C.E. STRASBOURG"]
[BlackTeam "POITIERS-MIGNE"]
[WhiteFideId "13602608"]
[BlackFideId "627216"]
[EventDate "2015.05.30"]

1. d4 Nf6 2. c4 g6 3. f3 Bg7 4. e4 d6 5. Nc3 O-O 6. Be3 b6 7. Bd3 Nfd7 8. Nge2
c5 9. Bc2 Nc6 10. d5 Na5 11. b3 b5 12. cxb5 a6 13. Rb1 Ne5 14. O-O e6 15. Re1
exd5 16. Qxd5 Bb7 17. Qd2 Qb8 18. b6 Bc6 19. Red1 Rd8 20. Nf4 1-0

[Event "TCh-FRA Top 12 2015"]
[Site "Montpellier FRA"]
[Date "2015.05.30"]
[Round "1.2"]
[Board "5"]
[White "Bedouin, Xavier"]
[Black "Vaisser, Anatoly"]
[Result "1-0"]
[WhiteTitle "IM"]
[BlackTitle "GM"]
[WhiteElo "2336"]
[BlackElo "2530"]
[WhiteTeam "POITIERS-MIGNE"]
[BlackTeam "C.E. STRASBOURG"]
[WhiteFideId "617040"]
[BlackFideId "603252"]
[EventDate "2015.05.30"]

1. e4 e6 2. d4 d5 3. Nd2 c5 4. exd5 exd5 5. Ngf3 Nc6 6. Bb5 Bd6 7. dxc5 Bxc5 8.
O-O Ne7 9. Nb3 Bd6 10. Re1 O-O 11. Bg5 f6 12. Bh4 Bg4 13. Bg3 Bxg3 14. hxg3 Ne5
15. Be2 Bxf3 16. Bxf3 Rc8 17. c3 Qd6 18. Nd4 a6 19. Qb3 b5 20. Rad1 Rfd8 21. Nc2
Rc5 22. Nb4 a5 23. Bxd5+ Kf8 24. Bg8 Nxg8 25. Rxd6 Rxd6 26. Rd1 Rxd1+ 27. Qxd1
Nf7 28. Nd5 Ne7 29. Nxe7 Kxe7 30. Qd4 Rc7 31. Qb6 Rd7 32. Qxb5 Ne5 33. Qe2 Kd8
34. g4 Nd3 35. Qe6 a4 36. f3 Nf4 37. Qg8+ Ke7 38. Qxg7+ Ke6 39. Qg8+ 1-0

[Event "TCh-FRA Top 12 2015"]
[Site "Montpellier FRA"]
[Date "2015.05.30"]
[Round "1.2"]
[Board "6"]
[White "Sebag, Marie"]
[Black "Picard, Clement"]
[Result "1-0"]
[WhiteTitle "GM"]
[WhiteElo "2483"]
[BlackElo "2180"]
[WhiteTeam "C.E. STRASBOURG"]
[BlackTeam "POITIERS-MIGNE"]
[WhiteFideId "617822"]
[BlackFideId "615455"]
[EventDate "2015.05.30"]

1. e4 e6 2. d4 d5 3. Nd2 Be7 4. Bd3 c5 5. dxc5 Nf6 6. Qe2 O-O 7. Ngf3 a5 8. O-O
Na6 9. e5 Nd7 10. c4 Naxc5 11. Bc2 f6 12. exf6 Bxf6 13. cxd5 exd5 14. Nb3 b6 15.
Re1 Ba6 16. Qd1 Bb7 17. Nbd4 Re8 18. Bf4 Rxe1+ 19. Qxe1 Qe8 20. Qd1 Ne5 21. Nxe5
Bxe5 22. Bxe5 Qxe5 23. Qd2 Re8 24. Rd1 Qf6 25. Nf3 g6 26. Qd4 Qxd4 27. Nxd4 Kg7
28. f3 Kf6 29. Kf2 Re7 30. h4 Rd7 31. Re1 Re7 32. Rxe7 Kxe7 33. Ke3 Kf6 34. g4
Bc8 35. g5+ Ke7 36. Kf4 Nd7 37. h5 Nf8 38. hxg6 hxg6 39. Ke5 Bb7 40. Ba4 Bc8 41.
f4 Nd7+ 42. Bxd7 Bxd7 43. Kxd5 Be8 44. Ke5 b5 45. a3 b4 46. axb4 axb4 47. Nc2 b3
48. Nd4 Ba4 49. Kd5 Be8 50. Ke4 Bf7 51. Ke5 Bg8 52. f5 gxf5 53. Nxf5+ Kf8 54.
Kf6 Bc4 55. Nh6 1-0

[Event "TCh-FRA Top 12 2015"]
[Site "Montpellier FRA"]
[Date "2015.05.30"]
[Round "1.2"]
[Board "7"]
[White "Fougerit, Valentin"]
[Black "Heinz, Timothee"]
[Result "1-0"]
[BlackTitle "FM"]
[WhiteElo "2225"]
[BlackElo "2350"]
[WhiteTeam "POITIERS-MIGNE"]
[BlackTeam "C.E. STRASBOURG"]
[WhiteFideId "634670"]
[BlackFideId "623369"]
[EventDate "2015.05.30"]

1. e4 e6 2. d4 d5 3. Nd2 Be7 4. Ngf3 Nf6 5. Bd3 c5 6. c3 Nc6 7. O-O cxd4 8. cxd4
dxe4 9. Nxe4 O-O 10. Be3 Nb4 11. Bb1 b6 12. a3 Nbd5 13. Qd3 Bb7 14. Re1 Rc8 15.
Ne5 Nxe4 16. Qxe4 f5 17. Qd3 Bf6 18. Bd2 Ne7 19. Bc3 Bd5 20. Qh3 Bxe5 21. dxe5
Ng6 22. Qg3 f4 23. Qg4 f3 24. g3 Qe8 25. Bd3 Rf7 26. Rad1 Ne7 27. Bc2 Qc6 28.
Rd2 Nf5 29. Red1 Qc4 30. Qg5 g6 31. Bd3 Qa4 32. h4 Rg7 33. Bc2 Qb5 34. Be4 h6
35. Bxd5 hxg5 36. Bxe6+ Kh7 37. Bxc8 Qc4 38. Bxf5 gxf5 39. hxg5 Rxg5 40. Rd4 Qb3
41. R1d3 Qg8 42. Rxf3 Rg6 43. Rd7+ Rg7 44. Rxg7+ Kxg7 45. Rxf5 Kg6 46. Rf6+ Kh5
47. Rf5+ Kg4 48. Rf4+ Kh5 49. Rd4 Qa8 50. Rd3 Kg4 51. Rd4+ Kf5 52. Rf4+ Ke6 53.
Rf6+ Kd5 54. f3 Kc4 55. Kf2 Qh8 56. Rf4+ Kd5 57. Rd4+ Kc5 58. Kg2 Qg8 59. g4 Qe6
60. Kg3 Qxe5+ 61. Rf4 Qe2 62. g5 Qf1 63. Kg4 Kd5 64. Rf6 Qg2+ 65. Kh5 Qh3+ 66.
Kg6 Qd7 67. Rf7 Qd8 68. f4 Qg8+ 69. Bg7 Qe8 70. Bc3 Qg8+ 71. Kf6 Qh8+ 72. Ke7
Qc8 73. Rf6 Qg8 74. Be5 Qh7+ 75. Rf7 Qg6 76. Kf8 Ke4 77. Rxa7 b5 78. Rg7 Qe6 79.
Rf7 Kf3 80. Bc3 Qc8+ 81. Kg7 Kg4 82. g6 Kh5 83. Kh7 Qe8 84. Be5 Qe6 85. f5 Qxe5
86. g7 Qe3 87. Rf6 Qe7 88. Re6 Qd7 89. Kh8 Qd4 90. f6 1-0

[Event "TCh-FRA Top 12 2015"]
[Site "Montpellier FRA"]
[Date "2015.05.30"]
[Round "1.2"]
[Board "8"]
[White "Roos, Louis"]
[Black "Leriche, Ines"]
[Result "1-0"]
[WhiteTitle "IM"]
[WhiteElo "2370"]
[BlackElo "1990"]
[WhiteTeam "C.E. STRASBOURG"]
[BlackTeam "POITIERS-MIGNE"]
[WhiteFideId "600288"]
[BlackFideId "684090"]
[EventDate "2015.05.30"]

1. c4 c5 2. Nc3 Nf6 3. g3 d5 4. cxd5 Nxd5 5. Bg2 Nc7 6. d3 g6 7. Be3 Ne6 8. Nf3
Bg7 9. Qd2 O-O 10. Bh6 Nc6 11. h4 Ned4 12. h5 Bxh6 13. Qxh6 Nf5 14. Qd2 Ncd4 15.
Ng5 h6 16. hxg6 fxg6 17. Nge4 Qa5 18. g4 Nb3 19. axb3 Qxa1+ 20. Nd1 Ng7 21. Qxh6
Qa5+ 22. Kf1 Kf7 23. Ng5+ Ke8 24. Qxg6+ 1-0

[Event "TCh-FRA Top 12 2015"]
[Site "Montpellier FRA"]
[Date "2015.05.30"]
[Round "1.3"]
[Board "1"]
[White "Donchenko, Alexander"]
[Black "Dorfman, Iossif"]
[Result "1-0"]
[WhiteTitle "IM"]
[BlackTitle "GM"]
[WhiteElo "2570"]
[BlackElo "2574"]
[WhiteTeam "VANDOEUVRE-ECHECS"]
[BlackTeam "GRASSE ECHECS"]
[WhiteFideId "24603295"]
[BlackFideId "604011"]
[EventDate "2015.05.30"]

1. c4 Nf6 2. g3 c6 3. Nf3 d5 4. Bg2 g6 5. b3 Bg7 6. Bb2 O-O 7. O-O Bg4 8. d3
Nbd7 9. Nbd2 Re8 10. Ne5 Nxe5 11. Bxe5 Qd7 12. Re1 Bh3 13. Bh1 Ng4 14. Bxg7 Kxg7
15. d4 dxc4 16. Nxc4 Rad8 17. e3 e5 18. f3 b5 19. Na5 Qc7 20. b4 Nf6 21. Qc1 Rc8
22. dxe5 Rxe5 23. f4 Re6 24. Nb3 Ne4 25. Qc2 Nd6 26. Nd4 Ree8 27. Qxc6 Qe7 28.
Qd5 a6 29. Nc6 Qc7 30. a4 Be6 31. Qd4+ Kg8 32. axb5 Nxb5 33. Qc5 Qb7 34. Rec1
Bf5 35. Ne5 Qb8 36. Bc6 Na7 37. Rxa6 Rc7 38. b5 Rec8 39. Rb6 1-0

[Event "TCh-FRA Top 12 2015"]
[Site "Montpellier FRA"]
[Date "2015.05.30"]
[Round "1.3"]
[Board "2"]
[White "Szabo, Krisztian1"]
[Black "Solodovnichenko, Yuri"]
[Result "1/2-1/2"]
[WhiteTitle "GM"]
[BlackTitle "GM"]
[WhiteElo "2518"]
[BlackElo "2592"]
[WhiteTeam "GRASSE ECHECS"]
[BlackTeam "VANDOEUVRE-ECHECS"]
[WhiteFideId "722901"]
[BlackFideId "14104369"]
[EventDate "2015.05.30"]

1. e4 c5 2. Nf3 d6 3. d4 cxd4 4. Nxd4 Nf6 5. Nc3 a6 6. Be3 e6 7. f3 b5 8. Qd2
Nbd7 9. g4 b4 10. Nce2 h6 11. O-O-O Qc7 12. h4 d5 13. Bf4 e5 14. Bh2 dxe4 15. g5
hxg5 16. hxg5 Rxh2 17. Rxh2 exd4 18. Rh8 Nd5 19. Qxd4 Bb7 20. fxe4 N5b6 21. Qxb4
O-O-O 22. Qb3 Bxe4 23. Nd4 Qf4+ 24. Kb1 Kc7 25. Bxa6 Nc5 26. Nb5+ Kc6 27. Na7+
Kc7 28. Nb5+ Kc6 29. Na7+ Kc7 1/2-1/2

[Event "TCh-FRA Top 12 2015"]
[Site "Montpellier FRA"]
[Date "2015.05.30"]
[Round "1.3"]
[Board "3"]
[White "Bailet, Pierre"]
[Black "Michiels, Bart"]
[Result "1/2-1/2"]
[WhiteTitle "IM"]
[BlackTitle "GM"]
[WhiteElo "2519"]
[BlackElo "2536"]
[WhiteTeam "VANDOEUVRE-ECHECS"]
[BlackTeam "GRASSE ECHECS"]
[WhiteFideId "655830"]
[BlackFideId "202967"]
[EventDate "2015.05.30"]

1. d4 d5 2. c4 c6 3. Nf3 Nf6 4. e3 e6 5. Bd3 Nbd7 6. Nbd2 b6 7. O-O Bb7 8. e4
dxe4 9. Nxe4 Be7 10. Nxf6+ Nxf6 11. Bg5 h6 12. Bxf6 Bxf6 13. Be4 O-O 14. Rc1 Qc7
15. c5 Rfd8 16. Qa4 b5 17. Qb4 Rd7 18. Rcd1 Rad8 19. Bc2 Qf4 20. Qa3 Bxd4 21.
Nxd4 Rxd4 22. Rxd4 Qxd4 23. Qxa7 Qxb2 24. Bb3 Bc8 25. Qc7 Qd4 26. Qxc6 Bd7 27.
Qb6 Be8 28. Qc7 Rd7 29. Qb8 Rd8 30. Qc7 Rd7 31. Qb8 Rd8 32. Qc7 1/2-1/2

[Event "TCh-FRA Top 12 2015"]
[Site "Montpellier FRA"]
[Date "2015.05.30"]
[Round "1.3"]
[Board "4"]
[White "Apicella, Manuel"]
[Black "Brunner, Nicolas"]
[Result "1-0"]
[WhiteTitle "GM"]
[BlackTitle "IM"]
[WhiteElo "2510"]
[BlackElo "2432"]
[WhiteTeam "GRASSE ECHECS"]
[BlackTeam "VANDOEUVRE-ECHECS"]
[WhiteFideId "600164"]
[BlackFideId "620246"]
[EventDate "2015.05.30"]

1. e4 e6 2. d4 d5 3. Nc3 Nf6 4. e5 Nfd7 5. f4 c5 6. Nf3 Nc6 7. Be3 cxd4 8. Nxd4
Bc5 9. Qd2 O-O 10. O-O-O a6 11. Nb3 Bb4 12. a3 Be7 13. Ne2 b5 14. Ned4 Nxd4 15.
Bxd4 Rb8 16. Bd3 b4 17. a4 Qc7 18. g4 Bb7 19. Rde1 Bc6 20. f5 Rfc8 21. a5 Bb5
22. Kb1 Bxd3 23. Qxd3 Qc4 24. Qd2 Rb7 25. h4 Rbc7 26. Rh2 Qb5 27. Qf4 Nc5 28.
Bxc5 Bxc5 29. f6 Qc4 30. Qg5 Bf8 31. h5 h6 32. Qe3 Bc5 33. Qd2 gxf6 34. exf6 Kh7
35. Rg2 Rg8 36. g5 hxg5 37. Rxg5 Rcc8 38. Nxc5 Qxc5 39. Qd3+ Kh6 40. Rxg8 Rxg8
41. Qxa6 b3 42. cxb3 Rg2 43. Qd3 Qxa5 44. Qe3+ Kh7 45. Rg1 Qd2 46. Qxd2 Rxd2 47.
Rg7+ Kh6 48. Rxf7 Rf2 49. b4 Kxh5 50. Re7 Rxf6 51. b5 Kg6 52. b6 e5 53. b7 Rf8
54. Rxe5 Kf6 55. Rxd5 Ke6 56. Rb5 Rb8 57. Kc2 Kd6 58. Kc3 Kc7 59. Kc4 Kc6 60. b3
Kc7 61. Kc5 1-0

[Event "TCh-FRA Top 12 2015"]
[Site "Montpellier FRA"]
[Date "2015.05.30"]
[Round "1.3"]
[Board "5"]
[White "Hamitevici, Vladimir"]
[Black "Llanes Hurtado, Miguel"]
[Result "1-0"]
[WhiteTitle "IM"]
[BlackTitle "GM"]
[WhiteElo "2429"]
[BlackElo "2444"]
[WhiteTeam "VANDOEUVRE-ECHECS"]
[BlackTeam "GRASSE ECHECS"]
[WhiteFideId "13902393"]
[BlackFideId "2206706"]
[EventDate "2015.05.30"]

1. d4 Nf6 2. c4 e6 3. g3 d5 4. Nf3 Bb4+ 5. Bd2 Be7 6. Bg2 O-O 7. O-O c6 8. Qc2
Nbd7 9. Rd1 b6 10. Bf4 Bb7 11. Nc3 dxc4 12. Ne5 Nd5 13. Nxc4 Nxf4 14. gxf4 Qc7
15. e3 Rad8 16. Qa4 a6 17. Rac1 b5 18. Qa5 Qb8 19. Ne5 Nxe5 20. fxe5 c5 21. Bxb7
Qxb7 22. dxc5 Qf3 23. Qb4 Rxd1+ 24. Rxd1 Qc6 25. Ne4 Rc8 26. Qd4 a5 27. Nd6 Rc7
28. Nxb5 Rb7 29. a4 f6 30. exf6 Bxf6 31. Qg4 Qxc5 32. Qxe6+ Kf8 33. Rd5 Qc1+ 34.
Kg2 Re7 1-0

[Event "TCh-FRA Top 12 2015"]
[Site "Montpellier FRA"]
[Date "2015.05.30"]
[Round "1.3"]
[Board "6"]
[White "Pile, Richard"]
[Black "Nezar, Mustapha"]
[Result "1/2-1/2"]
[WhiteTitle "IM"]
[BlackTitle "IM"]
[WhiteElo "2430"]
[BlackElo "2382"]
[WhiteTeam "GRASSE ECHECS"]
[BlackTeam "VANDOEUVRE-ECHECS"]
[WhiteFideId "624110"]
[BlackFideId "608637"]
[EventDate "2015.05.30"]

1. Nf3 c5 2. c4 g6 3. Nc3 Bg7 4. g3 Nc6 5. Bg2 e6 6. O-O Nge7 7. d3 O-O 8. Bf4
d6 9. Rb1 a6 10. a3 Rb8 11. Qc1 b5 12. cxb5 axb5 13. b4 e5 14. Bh6 cxb4 15. axb4
Bg4 16. Bxg7 Kxg7 17. Qb2 Qd7 18. Rfc1 f6 19. Nd2 Rfc8 20. Nde4 Nd4 21. Kh1 f5
22. Ng5 h6 23. Nf3 Bxf3 24. exf3 Rc7 25. f4 Rbc8 26. Qd2 Qe6 27. Ne2 Rxc1+ 28.
Rxc1 Nxe2 29. Rxc8 Qxc8 30. Qxe2 Qc1+ 31. Bf1 Nc6 32. Kg1 Nd4 33. Qe3 Qxe3 34.
fxe3 Nc2 35. Kf2 Nxb4 36. fxe5 dxe5 37. d4 exd4 38. exd4 Nc2 39. Bxb5 Nxd4 40.
Be8 g5 41. Ke3 Ne6 42. Bd7 Kf6 43. h3 Nc5 44. Bb5 Ke5 45. Be2 Ne4 46. Kf3 Kd4
47. Bb5 Nd2+ 48. Ke2 Nb3 49. Bd7 Ke4 50. Bc6+ Ke5 51. Ke3 Nd4 52. Bb7 Nc2+ 53.
Kd2 Nb4 54. Ke3 Nd5+ 55. Kf3 Nf6 56. Bc8 h5 57. Ke3 h4 58. gxh4 gxh4 59. Ba6 Ne4
60. Bd3 Ng5 61. Bf1 f4+ 62. Kd3 Kf5 63. Kd4 Nf3+ 64. Kd5 Nd2 65. Bd3+ Kf6 66.
Kd4 Kg5 67. Be2 Nb3+ 68. Ke4 Nc5+ 69. Ke5 Nd7+ 70. Ke6 Nc5+ 71. Ke5 Nb3 72. Ke4
Nd2+ 73. Kd3 f3 74. Kxd2 fxe2 75. Kxe2 1/2-1/2

[Event "TCh-FRA Top 12 2015"]
[Site "Montpellier FRA"]
[Date "2015.05.30"]
[Round "1.3"]
[Board "7"]
[White "Le Corre, Benjamin"]
[Black "Colovic, Aleksandar"]
[Result "1/2-1/2"]
[WhiteTitle "FM"]
[BlackTitle "GM"]
[WhiteElo "2307"]
[BlackElo "2466"]
[WhiteTeam "VANDOEUVRE-ECHECS"]
[BlackTeam "GRASSE ECHECS"]
[WhiteFideId "639605"]
[BlackFideId "15000729"]
[EventDate "2015.05.30"]

1. e4 c5 2. Nf3 e6 3. Nc3 d6 4. d4 cxd4 5. Nxd4 Nf6 6. Be3 Be7 7. f3 O-O 8. Qd2
e5 9. Nde2 Be6 10. O-O-O Qa5 11. Kb1 Rc8 12. Nd5 Qxd2 13. Nxe7+ Kf8 14. Bxd2
Kxe7 15. Bb4 Ne8 16. Ba3 Nc6 17. Nc3 Nd4 18. Bd3 a6 19. Rhe1 Kf6 20. f4 exf4 21.
e5+ dxe5 22. Ne4+ Kg6 23. Nd6+ Kf6 24. Ne4+ Kg6 25. Nd6+ Kf6 1/2-1/2

[Event "TCh-FRA Top 12 2015"]
[Site "Montpellier FRA"]
[Date "2015.05.30"]
[Round "1.3"]
[Board "8"]
[White "Forestier, Carole"]
[Black "Steil-Antoni, Fiona"]
[Result "0-1"]
[BlackTitle "WIM"]
[WhiteElo "2072"]
[BlackElo "2094"]
[WhiteTeam "GRASSE ECHECS"]
[BlackTeam "VANDOEUVRE-ECHECS"]
[WhiteFideId "641405"]
[BlackFideId "4001249"]
[EventDate "2015.05.30"]

1. d4 d6 2. Nf3 g6 3. c3 Bg7 4. e4 Nd7 5. Bd3 e5 6. O-O Ne7 7. Bg5 h6 8. Be3 O-O
9. Qb3 Kh7 10. Rd1 f5 11. exf5 Nxf5 12. Qc2 Qe8 13. Re1 Nxe3 14. Rxe3 Rf4 15.
Nbd2 Qf7 16. Ne4 Kh8 17. Ng3 Rf6 18. Rae1 c6 19. Ne4 Re6 20. Nfg5 hxg5 21. Nxg5
Qe7 22. Nxe6 Qxe6 23. Bxg6 Nf8 24. Rh3+ Kg8 25. Bh7+ Kf7 26. dxe5 dxe5 27. Rf3+
Ke7 28. b3 Qh6 29. Bd3 Be6 30. c4 Rd8 31. Rg3 Bf6 32. b4 Qf4 33. Rf3 Qd4 34. h3
a6 35. a3 Rd7 36. Qc1 Qh4 37. Re4 Qh5 38. Qe3 Rd4 39. Rxd4 exd4 40. Qf4 Qe5 41.
Qd2 Bg5 42. Qd1 Nd7 43. Rg3 Bf4 44. Rf3 Qg5 45. Bf1 Ne5 46. Rb3 Bd2 47. Rg3 Qh6
48. Qe2 Bf4 49. Rb3 Bxc4 50. Qd1 Bxb3 51. Qxb3 Qg6 52. Qd1 d3 53. g3 Bxg3 54.
fxg3 Qxg3+ 55. Bg2 d2 56. Qf1 Qe1 0-1

[Event "TCh-FRA Top 12 2015"]
[Site "Montpellier FRA"]
[Date "2015.05.30"]
[Round "1.4"]
[Board "1"]
[White "Giri, Anish"]
[Black "Iordachescu, Viorel"]
[Result "1-0"]
[WhiteTitle "GM"]
[BlackTitle "GM"]
[WhiteElo "2776"]
[BlackElo "2588"]
[WhiteTeam "BISCHWILLER"]
[BlackTeam "METZ FISCHER"]
[WhiteFideId "24116068"]
[BlackFideId "13900200"]
[EventDate "2015.05.30"]

1. e4 g6 2. d4 Bg7 3. c4 d6 4. Nf3 Nf6 5. Nc3 O-O 6. h3 c6 7. Be3 Na6 8. Be2 e5
9. d5 Bd7 10. Nd2 Rc8 11. g4 cxd5 12. cxd5 Nc5 13. a3 a5 14. a4 Ne8 15. g5 f5
16. h4 Rf7 17. Nb3 Na6 18. Bb5 Nb4 19. f3 Bf8 20. Kd2 Ng7 21. Qg1 Nh5 22. Bb6
Qe8 23. Bxa5 Nc6 24. dxc6 bxc6 25. Bc4 d5 26. exd5 cxd5 27. Bxd5 Be6 28. Bxe6
Qxe6 29. Qb6 Qc4 30. Qb5 Qf4+ 31. Kc2 Ng3 32. Rhd1 Qxf3 33. Qxe5 Ne4 34. Qe6
Qg2+ 35. Kb1 Rc6 36. Qe5 Rc4 37. Qd5 Rc8 38. Nxe4 fxe4 39. Ka2 Bg7 40. Rd2 Qf3
41. Re1 1-0